Diseño de una guía constructiva para sistemas de distribución eléctrica subterránea

Guardat en:
Dades bibliogràfiques
Autor principal: Fonseca Quirós, Eduardo
Format: Llibre
Idioma:Spanish
Publicat: [San José, Costa Rica] 2007
Matèries:
Etiquetes: Afegir etiqueta
Sense etiquetes, Sigues el primer a etiquetar aquest registre!

MARC

LEADER 00000nam a22000007a 4500
003 001204
005 20221231144056.0
008 160425b2007 cr a|||| |||| 00| | spa d
040 |c cru CEDI  
090 |a TFG 5726 
100 |9 4187  |a Fonseca Quirós, Eduardo  
245 |a  Diseño de una guía constructiva para sistemas de distribución eléctrica subterránea 
260 |a [San José, Costa Rica]  |c 2007 
300 |a xiv, 141 hojas; ilustraciones a color 
500 |a Proyecto de graduación (bachillerato en ingeniería eléctrica)--Universidad de Costa Rica. Facultad de Ingeniería. Escuela de Ingeniería Eléctrica 
648 |x ELECTRIFICACION  |x DISTRIBUCION DE ENERGIA ELECTRICA  |x GUIAS   |9 4188 
650 |x ELECTRIFICACION  |x  DISTRIBUCION DE ENERGIA ELECTRICA  |x  LINEAS ELECTRICAS SUBTERRANEAS  |x GUIAS  |9 4189 
942 |c TFG 
999 |c 16533  |d 16533